• 首页
  • 本馆介绍
  • 公告通知
  • 最新文献
  • 馆藏检索
  • 电子资源
  • 读者荐购
  • 参考咨询
  • CALIS
  • 我的图书馆
  • 登录
  • 详细信息显示
  • 放入我的书架
  • 预约/预借图书
  • 作者相关作品
  • 分类相关作品
  • 丛书相关作品
  • 出版社相关作品

书目信息

  • 表格格式
  • 工作单格式
  • 卡片格式
题名:
I CAN! 看电影学美语
    
 
作者: 朴秀珍 , 朴信映 著 ;千太阳 译
分册:  
出版信息: 沈阳   辽宁教育出版社  2010.01
页数: 270页
开本: 24cm
丛书名: I can!美语系列
单 册:
中图分类: H319.9
科图分类:
主题词: 英语--口语
电子资源:
ISBN: 978-7-5382-8553-6
 
 
 
 
 
000 00899nam 2200277 450
001 012010610557
005 20100620160923.82
009 012004427477
010    @a978-7-5382-8553-6@dCNY36.80
100    @a20100515d2010 em y0chiy0110 ea
101 1  @achi@aeng@ckor
102    @aCN@b210000
105    @aa z 000yy
200 1  @aI CAN! 看电影学美语@AI CAN kan dian ying xue mei yu@f(韩) 朴秀珍, 朴信映著@F(han)pu xiu zhen,pu xin ying zhu@g千太阳译
210    @a沈阳@c辽宁教育出版社@d2010.01
215    @a270页@c图@d24cm
225 2  @aI can!美语系列
330    @a本书收录了常用的生活美语,极具魅力的经典对话,囊括了美国大片中的精彩对白。
410  0 @12001 @aI can!美语系列
606 0  @a英语@x口语
690    @aH319.9@v4
701  0 @a朴秀珍@Apu xiu zhen@4著
701  0 @a朴信映@Apu xin ying@4著
702  0 @a千太阳@Aqian tai yang@4译
801  0 @aCN@c20100515
905    @dH319.9@eP828@f3
    
    I CAN! 看电影学美语/(韩) 朴秀珍, 朴信映著/千太阳译.-沈阳:辽宁教育出版社,2010.01
    270页:图;24cm.-(I can!美语系列)
    
    
    ISBN 978-7-5382-8553-6:CNY36.80
    本书收录了常用的生活美语,极具魅力的经典对话,囊括了美国大片中的精彩对白。
●
相关链接 在E读中查询图书 在当当中查询图书 在豆瓣中查询图书


正题名:I CAN! 看电影学美语     索取号:H319.9/P828         预约/预借

序号 登录号 条形码 馆藏地/架位号 状态 备注
河南城建学院图书馆 欢迎您!
大连网信软件有限公司© 版权所有